The durability of reinforced concrete in buildings. (Record no. 100101)
[ view plain ]
| 000 -LEADER | |
|---|---|
| fixed length control field | 00406cam a2200145 4500 |
| 001 - CONTROL NUMBER | |
| control field | J103235 |
| 008 - FIXED-LENGTH DATA ELEMENTS--GENERAL INFORMATION | |
| fixed length control field | 000000n1956 000 0 eng u |
| 035 ## - SYSTEM CONTROL NUMBER | |
| System control number | (Sirsi) u103235 |
| 041 ## - LANGUAGE CODE | |
| Language code of text/sound track or separate title | eng |
| 110 ## - MAIN ENTRY--CORPORATE NAME | |
| Corporate name or jurisdiction name as entry element | Building Research Station |
| 9 (RLIN) | 203 |
| 245 #4 - TITLE STATEMENT | |
| Title | The durability of reinforced concrete in buildings. |
| 260 ## - PUBLICATION, DISTRIBUTION, ETC. | |
| Date of publication, distribution, etc. | 1956 |
| 490 #0 - SERIES STATEMENT | |
| Series statement | National Building Studies special report no.25, 1956. |
| 942 ## - ADDED ENTRY ELEMENTS (KOHA) | |
| Suppress in OPAC | 0 |
| Withdrawn status | Lost status | Source of classification or shelving scheme | Damaged status | Not for loan | Home library | Current library | Shelving location | Date acquired | Total Checkouts | Full call number | Barcode | Date last seen | Copy number | Price effective from | Koha item type |
|---|---|---|---|---|---|---|---|---|---|---|---|---|---|---|---|
| Dewey Decimal Classification | London | London | Basement | 17/12/1999 | BASEMENT 2 | 30060105 | 06/08/2019 | 1 | 06/08/2019 | Book |